00375nam a2200145Ia 4500008004100000020001500041041001200056082001100068100001600079245005300095260004100148300001000189650001500199700001500214221030s9999 xx 000 0 und d a8180546082 aEnglish a105.23 aC. B. Gupta 0aMarketing Managementcby C. B. Gupta, N. R. Nair bSultan chand & SonsaNew Delhic2009 a20.26 aManagement aN. R. Nair